Comunicar para enseñar

Saved in:
Bibliographic Details
Main Author: Ollivier, Bruno (autor)
Format: Book
Language:Spanish
Published: Buenos Aires Edicial 1997
Series:Colección Referencias Pedagógicas
Subjects:
Tags: Add Tag
No Tags, Be the first to tag this record!

MARC

LEADER 00000nam a2200000 a 4500
001 UCQ9819
003 CL-VaPUC
008 990121e19970000AG |||||||||||||||||spa|d
082 0 4 |a 371.3  |b OLL  |2 21 
100 |a Ollivier, Bruno  |e autor  |9 435421 
245 1 0 |a Comunicar para enseñar 
300 |a 313 p 
942 |c BK 
945 |d 19990121 00:00:00  |a aarredon 
260 |a Buenos Aires  |b Edicial  |c 1997 
650 0 |a Educación  |9 258661 
650 0 |a Enseñanza  |9 256457 
650 0 |a Comunicación   |9 257251 
650 0 |a Proceso de comunicación   |9 332060 
650 0 |a Métodos de enseñanza  |9 270413 
650 0 |a Medios de comunicación  |9 257206 
650 0 |a Sistemas de comunicación   |9 260934 
583 |a last modification  |c 19990121 00:00:00  |k Rodrigo Vera 
490 0 |a Colección Referencias Pedagógicas 
999 |c 278721  |d 278719 
952 |0 0  |1 0  |4 0  |6 371_300000000000000_OLL_1997  |7 0  |8 A  |9 317471  |a FDOPOS  |b FDOPOS  |d 2019-11-20  |i 3497054  |o 371.3 OLL 1997  |p 3497054  |r 2025-01-22  |w 2019-11-20  |y BK  |k MLA 
952 |0 0  |1 0  |4 0  |6 371_300000000000000_OLL_1997  |7 0  |8 A  |9 317472  |a FDOPOS  |b FDOPOS  |d 2019-11-20  |i 3492443  |o 371.3 OLL 1997  |p 3492443  |r 2025-01-22  |w 2019-11-20  |y BK  |k MLA